Fleetwood Mac - The Chain lyrics - Statistics

General Stats
  • This quiz has been taken 318 times
  • The average score is 152 of 179
Answer Stats
Answer % Correct
the
99%
chain.
98%
Chain
98%
I
98%
never
97%
you
97%
break
96%
Break
96%
me
95%
can
94%
love.
94%
love
94%
don't
93%
still
93%
will
93%
again.
92%
hear
92%
if
92%
now,
92%
now
92%
And
91%
to
88%
saying
87%
wind
83%
blow.
81%
Listen
81%
in
79%
shadow.
79%
your
74%
Damn
72%
sun
70%
Watch
70%
Run
69%
rise.
68%
shadows.
66%
would
62%
lies.
60%
Running
59%
us
55%
keep
52%
silence.
52%
together.
52%
night.
51%
Down
50%
dark.
44%
light.
44%
comes
40%
No matching quizzes found
Score Distribution
Percent of People with Each Score
Percentile by Number Answered
Your Score History
You have not taken this quiz